LEADER 01127nam a2200265 i 4500 001 000000198022 003 CaOOAMICUS 005 20110223000000.0 008 110223s1967 it u000 u ita u 013 $a176710 040 $aSeMil$bita 100 1 $aPosner, Michael V.$0(OLS)http://semarc/name/71646 240 10$aItalian public enterprise.$0(OLS)http://semarc/title/286019 245 12$aL'impresa pubblica nell'esperienza italiana /$cM. V. Posner e S. J. Woolf. 260 $aTorino :$bGiulio Einaudi,$ccopyr. 1967. 300 $a172 p. ;$c22 cm. 490 0 $aSerie di politica economica 500 $aContiene : Tabelle. 650 4$aAziende pubbliche - Italia.$0(OLS)http://semarc/subject/37127 700 1 $aWoolf, Stuart J.$0(OLS)http://semarc/name/29167 830 0$aSerie di politica economica.$0(OLS)http://semarc/title/32768 850 $aSeMil 852 $aSeMil$W1$xVenegono$y1$m3L II 198$j148578$B148578$CSeMilBibl$Z2$F159971 $81 996 $6245$aL'impresa pubblica nell'esperienza italiana$9(OLS)http://semarc/title/286018 996 $6260$aTorino :$bGiulio Einaudi$9(OLS)http://semarc/publisher/29810 LEADER 01238nam a2200265 i 4500 001 000000109855 003 CaOOAMICUS 005 20250919111620.0 008 021115s1958 it u000 u ita u 040 $aSeMil$bita 100 1 $aCohen, Gustave.$0(OLS)http://semarc/name/8935 240 10$aLettres chrétienne au Moyen-age.$0(OLS)http://semarc/title/407485 245 10$aLetteratura cristiana del Medioevo /$cdi Gustavo Cohen. 264 1$a[Italia] :$bPaoline,$c1958. 300 $a161 p. ;$c18 cm. 490 1 $aEnciclopedia cattolica dell'uomo d'oggi. Sez. 11. Letteratura cristiana ;$v117 650 4$aLetteratura cristiana - Medioevo.$0(OLS)http://semarc/subject/1143 830 0$aEnciclopedia cattolica dell'uomo d'oggi ;$v117.$0(OLS)http://semarc/title/6174 830 0$aEnciclopedia cattolica dell'uomo d'oggi. Sez. 11, Letteratura cristiana ;$v117.$0(OLS)http://semarc/title/455781 850 $aSeMil 852 $aSeMil$W1$xVenegono$y1$m1O I 460$j261994$B65789$CSeMilBibl$Z2$F73012 $81 961 $aRecupero: Seminario di Seveso 996 $6245$aLetteratura cristiana del Medioevo$9(OLS)http://semarc/title/159551 996 $6264$a[Italia] :$bPaoline$9(OLS)http://semarc/publisher/31241